| 000 | 00000cas 2200000zi 4500 |
| 001 | 9.834417 |
| 003 | CaOODSP |
| 005 | 20260304072232 |
| 006 | m o d f |
| 007 | cr cn||||||||| |
| 008 | 170328c20119999onctr p o f0###a0eng|d |
| 022 | |a2818-100X |
| 040 | |aCaOODSP|beng|erda|cCaOODSP |
| 043 | |an-cn--- |
| 086 | 1 |aCP1-17E-PDF |
| 110 | 1 |aCanada. |bPrivy Council Office, |eauthor, |eissuing body. |
| 222 | 0|aQuarterly financial report |b(Canada. Privy Council Office) |
| 245 | 10|aQuarterly financial report : |bstatement outlining results, risks and significant changes in operations, personnel and program, for the quarter ended ... / |cPrivy Council Office. |
| 264 | 1|a[Ottawa] : |bGovernment of Canada, Privy Council Office = Gouvernement du Canada, Bureau du Conseil privé, |c[2011]- |
| 310 | |aThree times a year |
| 336 | |atext|btxt|2rdacontent |
| 337 | |acomputer|bc|2rdamedia |
| 338 | |aonline resource|bcr|2rdacarrier |
| 362 | 1 |aBegan with: June 30, 2011. |
| 500 | |aIssued also in French under title: Rapport financier trimestriel. |
| 500 | |aSubtitle varies. |
| 588 | |aDescription based on: June 30, 2011; title from PDF caption. |
| 588 | |aLatest issue consulted: September 30, 2023. |
| 610 | 10|aCanada. |bPrivy Council Office|xAppropriations and expenditures|vPeriodicals. |
| 650 | 0|aFinance, Public|zCanada|vPeriodicals. |
| 655 | 7|aPeriodicals|2lcgft |
| 775 | 08|tRapport financier trimestriel : |w(CaOODSP)9.834419 |